01057cam a22002771i 4500001001300000003000400013005001700017008004100034010001700075035001900092040002800111050002300139051001700162086001600179100003600195245006900231260007900300300007700379490007400456500006500530651003400595651005400629650003000683830004900713999001700762gs 29000376 DLC20260227111334.0791004s1929 dcu f001 0 eng  ags 29000376  a(OCoLC)5465859 aDLCcCoU-DAdOCoLCdDLC00aTC801b.U2 no. 617 aTC425.C6bF60 aI 19.13:6171 aFollansbee, Robert,d1879-1952.10aUpper Colorado river and its utilization/cby Robert Follansbee. aWashington:bfor sale by the Supt. of Docs., U.S. Govt. Print. Off.,c1929 axv, 394 p. :bill., 13 leaves of plates (incl. 8 fold. maps);c24 cm. --1 aGeological Survey (U.S.). Geological Survey water-supply paper ;v617 aAt head of title: United States Department of the Interior. 0aColorado River (Colo.-Mexico) 0aColorado River (Colo.-Mexico)xPower utilization. 0aWater-supplyzWest (U.S.) 0aGeological Survey water-supply paper ;v617. c26762d26762